000 00601nam a2200241Ia 4500
003 OSt
005 20220924151751.0
006 a|||||r|||| 00| 0
007 ta
008 220923b |||||||| |||| 00| 0 tel d
020 _c24
024 _a339112
037 _cTextual
040 _aARTS
_cARTS
_btel
041 _2tel
_atel
082 _aY73(Q2):36, 35M7
100 _aReddy Suravaram Pratap
245 0 _aHinduvula pandugalu
260 _c1987
650 _aSOCIOLOGY
942 _hY73(Q2):36, 35M7
_cTEXL
_2CC
999 _c467650
_d467650